أنا هر أزرق / (رقم التسجيلة. 111351)

تفاصيل مارك
000 -LEADER
fixed length control field 00588nam a22002057a 4500
005 - DATE AND TIME OF LATEST TRANSACTION
control field 20251108174525.0
008 - FIXED-LENGTH DATA ELEMENTS--GENERAL INFORMATION
fixed length control field 250721s2007 xx 000 0 ara d
082 14 - DEWEY DECIMAL CLASSIFICATION NUMBER
Classification number ط/ق/مير
100 1# - MAIN ENTRY--PERSONAL NAME
Personal name ميرمان، آن
Relator term مؤلف
245 10 - TITLE STATEMENT
Title أنا هر أزرق /
264 1# - PRODUCTION, PUBLICATION, DISTRIBUTION, MANUFACTURE, AND COPYRIGHT NOTICE
Place of production, publication, distribution, manufacture بيروت :
Name of producer, publisher, distributor, manufacturer دارا لمجاني،
Date of production, publication, distribution, manufacture, or copyright notice 2007.
300 ## - PHYSICAL DESCRIPTION
Extent 31ص.
490 0# - SERIES STATEMENT
Series statement قصص لكل يوم
650 17 - SUBJECT ADDED ENTRY--TOPICAL TERM
Topical term or geographic name as entry element الادب العربي
650 17 - SUBJECT ADDED ENTRY--TOPICAL TERM
Topical term or geographic name as entry element الاطفال
653 ## - INDEX TERM--UNCONTROLLED
Uncontrolled term ناشاون صغار (10-14)
700 1# - ADDED ENTRY--PERSONAL NAME
Personal name غاستي، إيريك
Relator term رسام
942 ## - ADDED ENTRY ELEMENTS (KOHA)
Source of classification or shelving scheme Dewey Decimal Classification
Koha item type كتب
المقتنيات
حالة السحب حالة الفقدان مصدر التصنيف حالة التلف غير قابل للإعارة المكتبة الرئيسية المكتبة الحالية موقع الرف تاريخ التزويد الرقم المتسلسل Total Checkouts رقم الإستدعاء الباركود تاريخ آخر ظهور تاريخ الفاتورة نوع المادة (كوها)
    Dewey Decimal Classification     مكتبة أم قصير والمقابلين العامة مكتبة أم قصير والمقابلين العامة الأطفال 04/05/2008 1168605   ط/ق/مير PLD00001764 28/07/2025 04/05/2008 كتب
    Dewey Decimal Classification     مكتبة الراية الهاشمية للأطفال مكتبة الراية الهاشمية للأطفال الأطفال 04/05/2008 1168581   ط/ق/مير PLD00001759 28/07/2025 04/05/2008 كتب
    Dewey Decimal Classification     مكتبة الراية الهاشمية للأطفال مكتبة الراية الهاشمية للأطفال الأطفال 14/02/2015 1592459   ط/ق/مير PLD00316358 28/07/2025 14/02/2015 كتب
    Dewey Decimal Classification     مكتبة صويلح العامة مكتبة صويلح العامة الأطفال 04/05/2008 1168593   ط/ق/مير PLD00001741 28/07/2025 04/05/2008 كتب
    Dewey Decimal Classification     مكتبة عدن للأطفال مكتبة عدن للأطفال الأطفال 10/02/2025 1793386   ط/ق/مير PLD00515198 28/07/2025 10/02/2025 كتب
    Dewey Decimal Classification     مكتبة ومركز فرح مكتبة ومركز فرح الأطفال 11/05/2009 1286826   ط/ق/مير PLD00088505 28/07/2025 11/05/2009 كتب
Implemented & Customized by: BBB with SCIT (Smart Chains for Information Technology)

Powered by Koha